000 00590nam a22002052 4500
001 0000012968
005 20151217155854.0
008 090514s xx 000 0 eng d
020 _a9966951016 :
040 _aKABU
_cKABU
100 1 _aKabaji, Egara.
_@0000156952
245 1 0 _aJomo Kenyatta :
_bfather of harambee /
_cEgara Kabaji.
250 _a1st ed.
260 _aNairobi :
_bSasa Sema,
_c2000.
300 _aix, 94 p.
600 1 0 _aKenyatta, Jomo.
_@0000103267
852 1 _9p215 KES
908 _a090514
950 _@1
999 _c13561
_d13561